00593nam a22001817a 450000500170000001000150001702000270003203500140005903700130007308200120008610000180009824501150011625000110023126000310024227000890027330000300036250000190039220170222131450.0 aENG-117299 c3500.00a9789351433255 aEN-100831 bDBAD/PUB a363.582 aKothari,Vinod aGuide to housing finance :cby Vinod Kothariba comprehensive and analytical commentary on mortagge lending /  a2nd ed aGurgaonbLexis Nexisc2017 a14th Floor Building N0-10,Tower-B,DLF Cyber City Phase-IIbGurgaon (Haryana)e122002 aIvi,662p.c24cm(pbk)bill aIncludes index